[Event "World Team-ch Women 2017"]
[Site "Khanty-Mansyisk"]
[Date "2017.06.17"]
[Round "1"]
[White "Osmak, Iulija"]
[Black "Yu, Jennifer R"]
[Result "1-0"]
[WhiteElo "2350"]
[BlackElo "2319"]
[Annotator "TA"]
[PlyCount "83"]
[EventDate "2017.??.??"]
[EventType "team-tourn"]
[EventCountry "RUS"]
[SourceTitle "playchess.com"]
[Source "ChessBase"]
[SourceQuality "1"]
[WhiteTeam "UKR"]
[BlackTeam "USA"]
[WhiteTeamCountry "UKR"]
[BlackTeamCountry "USA"]

{[%evp 17,83,-3,0,-21,6,-6,0,-25,-1,-1,-8,-24,-1,-1,1,-1,-1,-1,19,35,65,63,31,45,90,85,122,91,141,131,135,142,141,106,119,58,124,118,410,402,358,355,958,959,920,913,1884,1820,1719,1596,29984,29985,29985,29986,29985,29986,29989,29990,29990,29991,29991,29990,29989,29986,29986,29983,29987,29988]} 1. d4 d5 2. Bf4 Nf6 3. e3 e6 4. Bd3 c5 5. c3 Nc6 6. Nf3 Bd6 7. Bg3 O-O 8. Nbd2 b6 9. Ne5 Bb7 10. f4 {D02: 1 d4 d5 2 Nf3 sidelines, including 2...Nf6 3 g3 and 2...Nf6 3 Bf4} (10. O-O Qc7 11. f4 Ne7 12. Qb1 Qc8 13. Bh4 Nf5 14. Bxf5 exf5 15. Bxf6 gxf6 16. Nef3 Qe6 17. Re1 Ba6 18. Nh4 cxd4 19. exd4 {1-0 (28) Korobov,A (2692)-Dominguez Perez,L (2739) Doha 2016}) 10... Nd7 11. Qb1 $146 (11. O-O {feels hotter.} Rc8 12. Qe2 Qc7 13. Bh4 f6 14. Qh5) ({Predecessor:} 11. O-O f5 12. Bh4 Qxh4 13. Nxd7 Rf7 14. Ne5 Nxe5 15. fxe5 Be7 16. Rf3 Qh5 17. Qa4 Bf8 {1-0 (47) Zhou,W (2606)-Xu,Y (2381) China 2014}) 11... f5 12. Ndf3 {The position is equal.} Ndxe5 13. fxe5 Be7 14. h4 c4 15. Bc2 b5 16. a3 a5 17. Bf4 Bc8 {[#]} 18. g4 $1 {[%mdl 512]} Bd7 ({Don't blunder} 18... fxg4 $2 19. Bxh7+ Kh8 20. Ng5 $18) 19. gxf5 exf5 20. Kd2 b4 21. Qg1 bxc3+ 22. bxc3 Qe8 {[#]} 23. Qg2 $1 Nd8 24. Ng5 $40 {[%mdl 128] White is out for blood.} Ne6 25. Rag1 Bxg5 26. Bxg5 (26. hxg5 $16 {Strongly threatening Rxh7!} g6 27. Qxd5) 26... Nxg5 ({Black should play} 26... Rb8 $14) 27. hxg5 $16 {[%cal Bh4g5,Bg5g6][%mdl 32]} ({Much less strong is} 27. Qxg5 Qf7 $14) 27... Be6 $2 {[%mdl 8192] [#]} (27... g6 $16) 28. Rxh7 $1 $18 {[%mdl 512]} Qg6 (28... Kxh7 29. g6+) 29. Rgh1 Qxh7 $2 (29... Rfd8 30. Rh8+ Kf7 31. Rxd8 Rxd8) 30. Rxh7 Kxh7 31. g6+ Kh6 32. Bd1 {Threatening mate with Qh3+.} Rh8 33. Ke2 {Intending Kf3 and mate.} Raf8 34. Kf3 {White mates.} f4 35. exf4 {[%csl Gf4][%cal Rg2g5]} Rf5 36. Qh3+ Rh5 37. Qxe6 Rf8 38. Qg4 a4 39. Kg3 {[%csl Gd1][%cal Rg4h5]} Rff5 {[#]} 40. Qxh5+ $1 Rxh5 41. Bxh5 Kxh5 42. f5 {Precision: White = 81%, Black = 23%.} 1-0

[Event "World Team-ch Women 2017"]
[Site "Khanty-Mansyisk"]
[Date "2017.06.17"]
[Round "1"]
[White "Fataliyeva, Ulviyya"]
[Black "Majdan, Joanna"]
[Result "0-1"]
[WhiteElo "2341"]
[BlackElo "2365"]
[Annotator "TA"]
[PlyCount "104"]
[EventDate "2017.??.??"]
[EventType "team-tourn"]
[EventCountry "RUS"]
[SourceTitle "playchess.com"]
[Source "ChessBase"]
[SourceQuality "1"]
[WhiteTeam "AZE"]
[BlackTeam "POL"]
[WhiteTeamCountry "AZE"]
[BlackTeamCountry "POL"]

{[%evp 23,104,0,0,0,0,-32,-28,-31,-24,-73,-66,-91,-93,-105,-72,-138,-116,-162,-153,-152,-145,-153,-116,-110,-71,-98,-37,-49,13,-40,-50,-37,16,-87,-75,-316,-106,-108,-114,-100,-120,-129,-92,-157,-143,-154,-156,-217,-192,-216,-216,-564,-433,-411,-416,-427,-413,-391,-393,-389,-213,-360,-326,-352,-345,-697,-646,-648,-577,-2606,-2391,-1993,-1669,-1266,-649,-1154,-645,-1454,-1010,-4132,-4132,-1332,-592]} 1. e4 c5 2. Nf3 Nc6 3. d4 cxd4 4. Nxd4 Nf6 5. Nc3 d6 6. Bg5 e6 7. Qd2 a6 8. O-O-O Bd7 9. f4 h6 10. Bxf6 Qxf6 11. Nb3 Qd8 {B67: Sicilian: Richter-Rauzer: 7...a6 8 0-0-0 Bd7, lines without 9 f4 Be7} 12. Kb1 Be7 {LiveBook: 3 Games} (12... b5 13. Bd3 b4 14. Ne2 Qb6 15. g4 a5 16. h4 a4 17. Nbc1 Qc5 18. g5 Be7 19. g6 {0-1 (35) Alonso Rosell,A (2529)-Li,C (2722) Barcelona 2014}) 13. h4 b5 {[%cal Bb7b5,Bb5b4][%mdl 32] The position is equal.} 14. Rh3 $146 ({Predecessor:} 14. Ne2 Qb6 15. g4 Qf2 16. Rh3 Rd8 17. h5 b4 18. Nec1 Qa7 19. Qe3 {0-1 (54) Kireev,S (2281)-Daurelle,H (2368) LSS email 2009}) 14... b4 15. Ne2 a5 16. Rd3 Qb6 17. Qe1 a4 18. Nd2 {With the idea Nc4.} Na5 {[%cal Bc6a5,Ba5c4,Bc4e3][%mdl 32]} 19. Nf3 (19. Nd4 $142) 19... Nc4 20. Rd4 {[#]} Ne3 $1 21. R1d3 Nxf1 22. Qxf1 Qc5 23. Qe1 Rb8 (23... Bb5 {feels hotter.} 24. Nc1 Rc8 25. Qd2 Bxd3 26. Nxd3 Qc7) 24. e5 d5 (24... dxe5 $17 25. Nxe5 (25. Rxd7 e4 $17) 25... Bb5) 25. f5 $15 Bb5 ({Black should play} 25... O-O $15) 26. Rd2 (26. Qg3 $1 $11) 26... Bxe2 27. Qxe2 a3 (27... O-O $15) 28. Ne1 (28. Qa6 $11 {keeps the balance.}) 28... axb2 29. Kxb2 $2 (29. fxe6 $17 fxe6 30. Qg4) 29... exf5 $2 ({Weaker is} 29... b3 30. cxb3 Rc8 31. Qd1 $11) (29... O-O $19 30. R2d3 Qa7 31. fxe6 fxe6) 30. Rxd5 $17 Qc3+ 31. Kb1 {[#]} O-O $1 {[%cal Bh8f8,Bf8c8,Bc8c3][%mdl 32]} ({Much weaker is} 31... Bxh4 $6 32. Nf3 $11) 32. R5d3 Qc4 33. Rd4 ({Better is} 33. Rd7 Qxe2 34. Rxe2 Bxh4 35. Nf3) 33... Qe6 34. Nf3 Rfc8 $40 {[%mdl 128] aiming for ...Ra8. Black has strong attack.} 35. R2d3 (35. R4d3 $17 {was worth a try.}) 35... Rc3 36. Rd5 Ra8 37. Nd2 $2 (37. Rxc3 {was the crucial defense.} bxc3 38. Qd3) 37... Rc5 38. Rxc5 {And now Rc4 would win.} Qxa2+ (38... Bxc5 39. Nb3 $15) 39. Kc1 Qa1+ ({Not} 39... Bxc5 40. Nb3 $19) 40. Nb1 {Strongly threatening Rc4.} Bxc5 41. e6 Qf6 (41... Re8 $142 42. exf7+ Kxf7) 42. Rd5 (42. exf7+ $142 Qxf7 43. Qe5) 42... Be7 $19 43. exf7+ Qxf7 44. Qf3 $2 (44. Qc4) 44... Bxh4 {Black is clearly winning.} 45. Rxf5 Bg5+ 46. Kd1 Rd8+ 47. Ke1 Qe6+ 48. Kf2 Qb6+ 49. Kg3 Qd4 {[%csl Gg5][%cal Rd4h4]} 50. Qb3+ Kh8 {...Qh4+ is the strong threat.} 51. Kh2 Qh4+ 52. Qh3 Qxh3+ {Precision: White = 28%, Black = 45%.} (52... Bf4+ $142 53. g3 Bxg3+ 54. Kg2 Qe4+ 55. Kxg3 b3) 0-1

[Event "World Team-ch Women 2017"]
[Site "Khanty-Mansyisk"]
[Date "2017.06.17"]
[Round "1"]
[White "Nemcova, Katerina"]
[Black "Gaponenko, Inna"]
[Result "1/2-1/2"]
[WhiteElo "2313"]
[BlackElo "2429"]
[Annotator "TA"]
[PlyCount "94"]
[EventDate "2017.??.??"]
[EventType "team-tourn"]
[EventCountry "RUS"]
[SourceTitle "playchess.com"]
[Source "ChessBase"]
[SourceQuality "1"]
[WhiteTeam "USA"]
[BlackTeam "UKR"]
[WhiteTeamCountry "USA"]
[BlackTeamCountry "UKR"]

{[%evp 9,94,-5,-14,-3,8,8,4,8,-6,-3,-3,0,27,0,13,3,23,15,20,17,16,22,8,7,40,30,41,40,70,76,85,61,69,70,56,70,67,67,97,82,79,43,39,25,61,-52,-69,-79,-82,-81,-86,-117,-85,-82,-92,-135,-164,-198,0,-33,0,-206,-210,-181,-197,-183,-181,-231,-31,-171,0,-279,-203,-272,-270,-229,0,0,0,-197,0,0,0,-154,0,0,0]} 1. d4 Nf6 2. Bf4 g6 3. Nc3 d5 4. e3 c6 5. h4 Bg7 6. Nf3 {A45: Trompowsky Attack} Bg4 7. Be2 Nbd7 8. Ne5 Bxe2 9. Qxe2 Nh5 (9... h5 10. O-O-O Qa5 11. Kb1 {1-0 (44) Karjakin,S (2781)-Giri,A (2771) Stavanger 2017}) 10. Bh2 f5 $146 (10... Bxe5 $5 11. dxe5 b5 $11) ({Predecessor:} 10... Nhf6 11. g4 h5 12. g5 Ne4 13. Nxe4 Nxe5 14. Bxe5 Bxe5 15. Nc5 Qc7 16. c4 {1-0 (44) Chuprov,D (2557)-Shomoev,A (2554) Khanty-Mansiysk 2007}) 11. O-O-O (11. Nd3 {keeps more tension.} O-O 12. f3 e5 13. dxe5 Qxh4+ 14. Qf2) 11... Nxe5 12. dxe5 Qc7 13. f4 O-O 14. g4 fxg4 15. Qxg4 Qc8 16. Qg2 Qe6 17. Kb1 Rad8 18. Ne2 c5 19. Rd2 Rd7 20. Rhd1 {[%cal Rd2d5]} Rfd8 21. Nc3 {[%cal Rc3d5]} d4 22. exd4 cxd4 23. Ne2 {[%cal Re2d4]} Qf7 24. Qe4 {Hoping for e6.} e6 25. Bg1 {[%cal Rd2d4]} (25. Rxd4 {seems wilder.} Bf8 26. Bg1 Rxd4 27. Rxd4 Rxd4 28. Qxd4 a6 29. b3) 25... Bh6 {[%cal Rh6f4]} 26. Rxd4 Nxf4 $1 27. Nxf4 ({White should play} 27. Rf1 $1 $14 Qf5 28. Rxd7 Rxd7 29. Nc3 (29. Qxf5 gxf5 30. Nd4 Nh3 $11)) 27... Rxd4 $15 28. Rxd4 Rxd4 $40 {[%mdl 128] Black goes for the king.} 29. Qxd4 Qxf4 {[%csl Gh6][%cal Rf4c1]} 30. a4 Qc1+ 31. Ka2 Qxc2 32. Qxa7 Qc4+ 33. Ka1 Qc1+ $2 (33... Qxh4 $19 34. Bc5 (34. Qa8+ $2 Bf8 $19) 34... Qh1+ 35. Ka2 Qd5+ 36. b3 Kg7) 34. Ka2 Qc4+ $2 (34... Bf8 $15 35. Qd4 Qc7) 35. Ka1 $19 Qxh4 36. Bc5 {Threatening mate with Qb8+.} Qh1+ 37. Ka2 {Intending Qb8+ and mate.} Qd5+ 38. Ka1 Qd1+ 39. Ka2 Qd5+ (39... Qd7 $142 $1 40. Bd6 Bg5) 40. Ka1 {intending Qb8+.} Kf7 41. Bd6 Bf4 42. Qa8 {[%csl Gd6][%cal Ra8f8]} Qd1+ $2 (42... g5 $1 $19 {...h6 is the strong threat.} 43. Qf8+ Kg6 44. Qg8+ Kh6 45. Bf8+ Kh5 46. Qxh7+ Kg4) 43. Ka2 $11 {[%csl Gd6][%cal Ra8f8]} Qd5+ 44. Ka3 $2 {[#]} (44. Ka1 $1 $11 g5 45. Qf8+ Kg6 46. Qg8+ Kh5 47. Qxh7+ Kg4 48. Qc2) 44... Qd3+ $2 ({Better is} 44... g5 $1 $19 45. Qf8+ Kg6 46. Qg8+ Kh5 47. Qxh7+ Kg4) 45. Ka2 {[%csl Gd6][%cal Ra8f8]} Qd5+ 46. Ka3 $2 {[#]} (46. Ka1 $11 g5 47. Qf8+ Kg6 48. Qg8+ Kh6 49. Bf8+ Kh5 50. Qxh7+ Kg4 51. Qc2) 46... Qd3+ $2 (46... g5 $1 $17 47. Qf8+ Kg6 48. Qg8+ Kh5 49. Qxh7+ Kg4) 47. Ka2 {[%csl Gd6][%cal Ra8f8]} Qd5+ {Precision: White = 63%, Black = 44%.} 1/2-1/2

[Event "World Team-ch Women 2017"]
[Site "Khanty-Mansyisk"]
[Date "2017.06.17"]
[Round "1"]
[White "Luong, Phuong Hanh"]
[Black "Ehab, Tasneem"]
[Result "1-0"]
[WhiteElo "2208"]
[BlackElo "1750"]
[Annotator "TA"]
[PlyCount "69"]
[EventDate "2017.??.??"]
[EventType "team-tourn"]
[EventCountry "RUS"]
[SourceTitle "playchess.com"]
[Source "ChessBase"]
[SourceQuality "1"]
[WhiteTeam "VIE"]
[BlackTeam "EGY"]
[WhiteTeamCountry "VIE"]
[BlackTeamCountry "EGY"]

{[%evp 11,69,14,20,19,25,19,19,10,22,-10,43,33,101,102,96,87,121,94,104,95,92,91,98,94,90,101,104,100,156,162,192,163,157,159,147,161,133,158,148,121,110,114,96,111,90,64,56,38,134,177,182,182,200,202,394,380,1119,1084,2395,2203]} 1. d4 Nf6 2. Nf3 g6 3. g3 Bg7 4. Bg2 O-O 5. O-O d6 6. a4 a5 7. Re1 {A49: 1 d4 Nf6 2 Nf3 g6 3 g3: Anti-King's Indian systems} Nc6 (7... Nbd7 8. e4 e5 9. Nc3 Re8 10. h3 c6 11. Be3 exd4 12. Bxd4 Qc7 13. Qd2 Ne5 14. Nh2 Nc4 15. Qg5 Qd8 16. Na2 h6 17. Qc1 c5 18. Bc3 Nb6 19. b3 d5 20. exd5 Nbxd5 {½-½ (39) Rapport,R (2720)-Mamedyarov,S (2747) Reykjavik 2016}) 8. e4 e5 9. d5 {The position is equal.} Ne7 10. c4 $146 ({Predecessor:} 10. h3 Nd7 11. Nc3 Nc5 12. Be3 b6 13. Nd2 Bd7 14. Nc4 f5 15. exf5 gxf5 16. Qd2 Ng6 17. f4 exf4 18. gxf4 {½-½ (18) Kovacs,E (2164)-Pesztericz,L (2065) Banska Stiavnica 2015}) 10... Nh5 (10... Nd7 $11) 11. Nc3 (11. c5 $5) 11... f5 (11... b6 $14) 12. exf5 $1 $16 Bxf5 13. Ng5 Qc8 14. Ne6 Bxe6 15. dxe6 Qxe6 16. Nd5 Qf7 17. Nxe7+ Qxe7 18. Bxb7 Rab8 19. Bg2 Qf6 (19... Nf6 $142) 20. Re2 {[%cal Be1e2,Be2b2,Bb2b5][%mdl 32]} Kh8 21. Bd2 Rxb2 {[#]} 22. Bg5 $1 {[%mdl 512]} Qxg5 23. Rxb2 e4 {[#]} 24. Rb5 $1 {[%cal Rb5g5]} Qe7 25. Rab1 ({Much weaker is} 25. Rxa5 $6 e3 $11) 25... e3 26. f4 Bc3 27. Bf3 Ng7 28. Qd3 Bb4 $1 29. Kg2 Re8 ({Better is} 29... Nf5 $14) 30. Bc6 $36 {[%mdl 2048] White has strong initiative.} Rf8 31. R5xb4 axb4 {[#]} 32. a5 $1 {[%cal Ra5a6] Hoping for a6.} Rf5 $2 (32... Nf5 {might work better.} 33. a6 d5) 33. Rxb4 $18 {aiming for Rb8+.} e2 $2 (33... Rf8) 34. Rb8+ Ne8 35. Qc3+ {Precision: White = 86%, Black = 36%.} 1-0

[Event "World Team-ch Women 2017"]
[Site "Khanty-Mansyisk"]
[Date "2017.06.17"]
[Round "1"]
[White "Wafa, Shrook"]
[Black "Hoang, Thi Bao Tram"]
[Result "0-1"]
[WhiteElo "2141"]
[BlackElo "2380"]
[Annotator "TA"]
[PlyCount "75"]
[EventDate "2017.??.??"]
[EventType "team-tourn"]
[EventCountry "RUS"]
[SourceTitle "playchess.com"]
[Source "ChessBase"]
[SourceQuality "1"]
[WhiteTeam "EGY"]
[BlackTeam "VIE"]
[WhiteTeamCountry "EGY"]
[BlackTeamCountry "VIE"]

{[%evp 15,75,18,24,-12,-10,-24,-22,-26,-20,-36,-39,-36,-35,-41,-53,-56,-49,-80,-50,-54,-54,-58,-57,-65,-79,-79,-51,-91,-95,-118,-109,-108,-108,-103,-109,-231,-230,-245,-216,-210,-210,-209,-209,-235,-178,-218,-206,-206,-210,-216,-206,-225,-225,-229,-223,-199,-162,-268,-132,-169,-112,-160]} 1. e4 c6 2. d4 d5 3. Nc3 dxe4 4. Nxe4 Nd7 5. Nf3 Ngf6 6. Nxf6+ Nxf6 7. Bd3 Bg4 8. c3 e6 9. Qe2 {B17: Caro-Kann: Modern Line (4...Nd7)} (9. h3 Bh5 10. O-O Qd5 {½-½ (10) Ganguly,S (2660)-Berkes,F (2652) Tallinn 2016}) 9... Qd5 10. h3 (10. Bc4 $5 {[%cal Rc4d5]} Bxf3 11. gxf3 $11) 10... Bxf3 11. gxf3 {The position is equal.} O-O-O $146 ({Predecessor:} 11... g6 12. Bc4 Qd6 13. Bd2 h5 14. O-O-O Bh6 15. Be3 Nd5 16. Qd2 Bg7 {½-½ (32) Ruiz Gonzalez,G (2309)-Eperjesi,L (2381) Budapest 1999}) 12. Bf4 Bd6 13. Bc4 Qf5 14. Bxd6 Rxd6 15. O-O-O Rhd8 16. h4 g6 17. Rhg1 Kb8 18. Qe3 Nd5 19. Bxd5 Rxd5 20. Rg4 {White wants to play Rf4.} R8d7 21. c4 R5d6 22. Rd3 Qf6 23. Rf4 Qd8 24. Qe5 {[#] Strongly threatening c5.} Ka8 25. Qe3 (25. Qg5 $17) 25... f5 $19 26. d5 cxd5 27. cxd5 Rxd5 ({Resist} 27... exd5 28. Rfd4 $17) 28. Rxd5 Rxd5 {[%mdl 4096] Endgame KQR-KQR} ({Don't take} 28... exd5 29. Rd4 $17) 29. Rc4 a6 30. f4 Rd3 ({Don't play} 30... Rd1+ 31. Kc2) 31. Qe2 Qd5 32. b3 Kb8 33. Qc2 Qd7 34. Qe2 Qd6 35. Kc2 Rd5 36. a4 (36. f3 {was necessary.}) 36... Rc5 (36... b5 $19 37. axb5 axb5) 37. Kc3 Qb6 (37... a5 $19 38. Rxc5 Qxc5+ 39. Kb2 Qd4+ 40. Kb1 Qxf4 41. Qxe6 Qxh4 42. Qe5+ Kc8 43. Qc5+ Kd7 44. Qd5+ Ke8 45. Qb5+ Kf8 46. Qxb7 h5) 38. Rxc5 {Precision: White = 31%, Black = 68%.} 0-1

[Event "World Team-ch Women 2017"]
[Site "Khanty-Mansyisk"]
[Date "2017.06.17"]
[Round "1"]
[White "Elansary, Eman"]
[Black "Nguyen, Thi Mai Hung"]
[Result "0-1"]
[WhiteElo "1887"]
[BlackElo "2301"]
[Annotator "TA"]
[PlyCount "50"]
[EventDate "2017.??.??"]
[EventType "team-tourn"]
[EventCountry "RUS"]
[SourceTitle "playchess.com"]
[Source "ChessBase"]
[SourceQuality "1"]
[WhiteTeam "EGY"]
[BlackTeam "VIE"]
[WhiteTeamCountry "EGY"]
[BlackTeamCountry "VIE"]

{[%evp 9,50,-59,-43,-81,-89,-85,-82,-93,-87,-127,-102,-112,-90,-128,-125,-123,-87,-97,-65,-181,-81,-151,-150,-267,-258,-246,-256,-262,-260,-652,-638,-2703,-787,-790,-778,-781,-780,-884,-884,-903,-883,-1120,-1095]} 1. d4 d5 2. e3 Nf6 3. Bd3 c5 4. c3 Nc6 5. Nd2 e5 $1 (5... cxd4 6. exd4 g6 7. Ngf3 Bg7 8. O-O O-O 9. Re1 a6 10. a4 Qc7 11. h3 Rb8 12. Nb3 Nh5 13. Bg5 f6 14. Be3 e5 15. dxe5 fxe5 16. Bf1 Nf6 17. a5 e4 18. Bb6 Qf7 19. Ng5 {½-½ (69) Mamedjarova,Z (2236)-Mammadov,Z (2465) Nakhchivan 2016}) 6. dxc5 {D00: 1 d4 d5: Unusual lines} Bxc5 7. Nb3 Bd6 $146 ({Predecessor:} 7... Bb6 8. Ne2 O-O 9. O-O Bg4 10. Qe1 Re8 11. a3 Qd6 12. c4 e4 13. c5 exd3 14. cxd6 dxe2 {0-1 (21) Jochimsen,E-Suptut,J Belconnen 1994}) 8. Ne2 {Black is better.} O-O 9. Ng3 Bg4 10. f3 Be6 11. O-O {[#]} e4 $1 {[%mdl 512]} 12. Bc2 (12. fxe4 Ng4) 12... exf3 13. gxf3 Qc7 14. Kf2 (14. Kg2 $15) 14... Rfe8 (14... Bh3 $19 15. Rg1 Rfc8) 15. Nd4 (15. Kg2 $142) 15... Nxd4 16. exd4 (16. Qxd4 $17 {was worth a try.} Bc5 17. Qh4) 16... Bh3 $19 17. Rg1 Re6 18. Qd3 Rae8 19. Bg5 $2 (19. Bd2) 19... Bf4 {Black is clearly winning.} 20. Nh5 {[#]} Re2+ (20... Be3+ $142 $1 {[%mdl 512]} 21. Ke1 (21. Bxe3 Qxh2+) 21... Bxg1+ 22. Kd2 Qxh2+ 23. Kc1 Re1+ 24. Bd1 Nxh5) 21. Qxe2 Rxe2+ 22. Kxe2 Nxh5 23. Rae1 Bxh2 24. Rh1 f6 25. Bh4 Bg2 {Precision: White = 23%, Black = 62%.} 0-1